Engineering Mechanics Statics Dynamics (Record no. 488926)
[ view plain ]
| 000 -LEADER | |
|---|---|
| fixed length control field | 00335nam a22001457a 4500 |
| 082 ## - DEWEY DECIMAL CLASSIFICATION NUMBER | |
| Classification number | 620.1 |
| 100 ## - MAIN ENTRY--PERSONAL NAME | |
| Personal name | R. C. Hibbeler |
| 245 ## - TITLE STATEMENT | |
| Title | Engineering Mechanics Statics Dynamics |
| 250 ## - EDITION STATEMENT | |
| Edition statement | 11th ed. |
| 300 ## - PHYSICAL DESCRIPTION | |
| Extent | 838 p. x. |
| Other physical details | ill. |
| 500 ## - GENERAL NOTE | |
| General note | Include index |
| 650 ## - SUBJECT ADDED ENTRY--TOPICAL TERM | |
| Topical term or geographic name entry element | Mechanics, Applied |
| 700 ## - ADDED ENTRY--PERSONAL NAME | |
| Personal name | Ashok Gupta |
| 942 ## - ADDED ENTRY ELEMENTS (KOHA) | |
| Koha item type | Book |
| Withdrawn status | Lost status | Damaged status | Not for loan | Collection code | Permanent Location | Current Location | Shelving location | Date acquired | Source of acquisition | Total Checkouts | Total Renewals | Full call number | Barcode | Date last seen | Date last checked out | Price effective from | Koha item type |
|---|---|---|---|---|---|---|---|---|---|---|---|---|---|---|---|---|---|
| Central Library (CL) | Central Library (CL) | General Stacks | 11/22/2016 | Donation | 9 | 11 | 620.1 HIB | SEECSD01346 | 04/23/2024 | 01/31/2023 | 09/26/2018 | Book |
